Statistics for F1 Drivers by age

Click here to take the quiz!

General Stats

  • This quiz has been taken 39 times
  • The average score is 8 of 20

Answer Stats

QuestionAnswer% Correct
Which F1 driver is 21 years old?Yuki Tsunoda
72%
Which F1 driver is 39 years old?Fernando Alonso
69%
Which F1 driver is 34 years old?Sebastian Vettel
69%
Which F1 driver is 31 years old?Sergio Pérez
69%
Which F1 driver is 36 years old?Lewis Hamilton
61%
Which F1 driver is 41 years old?Kimi Räikönnen
56%
Which F1 driver is 31 years old?Valtteri Bottas
47%
Which F1 driver is 22 years old?Mick Schumacher
42%
Which F1 driver is 25 years old?Pierre Gasly
42%
Which F1 driver is 23 years old?Charles Leclerc
39%
Which F1 driver is 23 years old?George Russell
36%
Which F1 driver is 32 years old?Daniël Ricciardo
33%
Which F1 driver is 23 years old?Max Verstappen
31%
Which F1 driver is 26 years old?Carlos Sainz
28%
Which F1 driver is 27 years old?Antonio Giovinazzi
25%
Which F1 driver is 22 years old?Lance Stroll
25%
Which F1 driver is 21 years old?Lando Norris
22%
Which F1 driver is 22 years old?Nikita Mazepin
22%
Which F1 driver is 24 years old?Estaban Ocon
17%
Which F1 driver is 25 years old?Nicholas Latifi
17%

Score Distribution

Percentile by Number Answered

Percent of People with Each Score

Your Score History

You have not taken this quiz